00762 a2200157 4500003000500000005001700005020001400022040000900036082001400045100002100059245004500080260003500125505039900160600002100559650002400580Nust20221014121416.0 a064600866 cNust a604.2,LOM aJohnson, Lobardo aEngineering Drawing /cLobardo Johnson,  aNew YorkbBarnes & Noblec1956 aIntroduction (Page-1), Line Work and the use of Instruments (Page-26), Geometric Constructions (Page-52), Lettering (Page-63), Orthographic Projection (Page-89), Auxiliary Views (Page-105), Sections Ad Conventions (Page-123), Pictorial Views (Page-146), Dimensioning (Page-166), Fasteners (Page-194), Working Drawings (Page-251), The Developments Ad Intersection of Surface Problems (Page-289). aLombardo Johnson aEngineering Drawing